000 01149nam a22002894a 4500
005 20040707122103.0
008 000731s2001 nyua b 001 0 eng
010 _aENG-92208
020 _a9780070139794
_c650.00
020 _a0070139792
_c650.00
035 _aEN-75741
037 _bDBAD / PUB
040 _adpl
_bEnglish
082 _a332.645
100 _aFarley, Alan S.
245 _aThe master swing trader :
_btools and techniques to profit form outstanding short-term trading opportunities /
_cby Alan S. Farley.
260 _aNew Delhi
_bTata McGraw-Hill Publishing
_c2008
270 _a7 West Patel Nagar,
_bNew Delhi
_e110008
300 _axxvii, 443 p. :
_bill. ;
_c25 cm (pbk)
500 _aIncludes bibliographical references and index.
650 _aSpeculation.
650 _aStocks
_vCharts, diagrams, etc.
650 _aStock price forecasting.
650 _aDay trading (Securities)
942 _2ddc
_cEN
_h332.645
_mFAR
999 _c19934
_d19934